=LDR 00000nam 2200000 4500 =001 INLIS000000000023858 =005 20130612122501 =008 ***********************************ind** =035 ##$$0010-061300000023858 =041 ##$$a ind =082 ##$$a 621.402 1 =090 ##$$a 621.402 1, Rey t =100 ##$$a Reynolds, William C =245 ##$$a Termodinamika Teknik, William C.Reynolds, Henry C. Perkins =260 ##$$a 1983 $b Jakarta =300 ##$$a xii, 707 hlm., ilus., 25 cm =650 ##$$a Termodinamika =700 ##$$a Perkins, Henry C =850 ##$$a NBPNMAT